La teoría de juegos : una breve introducción /
שמור ב:
| מחבר ראשי: | |
|---|---|
| פורמט: | ספר |
| שפה: | ספרדית |
| יצא לאור: |
Madrid, España :
Alianza,
2019, c2019
|
| מהדורה: | 2a edición, 3a reimpresión |
| סדרה: | (El Libro de Bolsillo ; Ciencias Sociales)
15. |
| נושאים: | |
| תגים: |
אין תגיות, היה/י הראשונ/ה לתייג את הרשומה!
|
MARC
| LEADER | 00000nam^a2200000^a^4500 | ||
|---|---|---|---|
| 001 | 000578454 | ||
| 005 | 20250521000000.0 | ||
| 009 | 20260310132510.03 | ||
| 020 | |a 978-84-206-6219-0 | ||
| 037 | |a Acervo ITESO - Biblioteca | ||
| 041 | |a ESP | ||
| 082 | |a 330. 015193 |b BIN | ||
| 100 | |a Binmore, Ken |e (autor) | ||
| 245 | 1 | 3 | |a La teoría de juegos : |b una breve introducción / |c K. Binmore ; tr. por Pepe Ventura López. |
| 250 | |a 2a edición, 3a reimpresión | ||
| 264 | 4 | |a Madrid, España : |b Alianza, |c 2019, c2019 | |
| 300 | |a 262 p. | ||
| 336 | |a texto |b txt |2 rdacontenido | ||
| 337 | |a sin mediación |b n |2 rdamedio | ||
| 338 | |a volumen |b nc |2 rdasoporte | ||
| 440 | 4 | |a (El Libro de Bolsillo ; |v 15. |p Ciencias Sociales) | |
| 500 | |a Traducción de: Game Theory: A Very Short Introduction | ||
| 521 | |a FIL 2023 DIA | ||
| 649 | |a XX | ||
| 650 | |a Subastas | ||
| 650 | |a Paradojas | ||
| 650 | |a Falacia | ||
| 650 | |a Azar | ||
| 650 | |a Riesgo | ||
| 650 | |a Negociación y Mediación | ||
| 650 | |a Decisiones Estadísticas | ||
| 650 | |a Toma de Decisiones | ||
| 650 | |a Teoría de Juegos - |x Tema Principal | ||
| 650 | |a Modelos Matemáticos | ||
| 650 | |a Economía Matemática | ||
| 650 | |a Economía | ||
| 910 | |a Fondo General | ||
| 920 | |a Impresos - Libros | ||
| 930 | |a Colección General | ||
| 905 | |a 101 | ||
| 901 | |a 0500403522 |b IT1 |c ACC |i C184478 |u 20250521 | ||
| 902 | |a https://opac.biblio.iteso.mx/vufind/Record/000578454 | ||